000 00437nmm a2200157Ia 4500
008 251105s9999||||xx |||||||||||||||||und||
020 _a9789562605984
041 _aspa
100 _aPoblete, Nicolás
245 0 _aCardumen
264 _a[Santiago de Chile, Chile] :
_bCuarto Propio,
_c2013
300 _a288 páginas
650 _aLatin American narrative
856 _uhttps://public.digitaliapublishing.com/a/25310
942 _cCF
999 _c94260
_d94260